00779nam a22002057a 450000500170000001000150001702000260003203500140005803700090007208200150008110000270009624500820012325000060020526000410021127000880025230000200034094200260036099900190038695201680040520260114114558.0 aENG-147462 a9789367135440c675.00 aEN-130994 bDBAD a005.13322 ataneja, Sheetal986345 aPython Programming: bA Modular Approach/cSheetal taneja [and] Naveen Kumar  a2 aNoidabPearson India Educationc2026 a15th Floor, Towe-B, World Trade Tower, Plot No.1, Block-C, Sector-16bNoidae201301 a696p.c23cm(pb) 2ddccENh005.133mTAN c214103d214103 001040708NFICaJPbJPd2026-01-14eDelivery of Books Act Divisiong675.00l3o005.133 TANpEN-130994r2026-06-20 11:26:19s2026-06-08t1v675.00w2026-01-14yEN